[Event "IECG C3.2001.0.00177"]
[Site "IECG email"]
[Date "2001.02.18"]
[Round "?"]
[White "Hadden, Ian"]
[Black "Neff, Eric"]
[Result "1-0"]
[WhiteElo "1051"]
[BlackElo "1100"]
[PlyCount "25"]
[EventDate "2001.02.18"]
[EventType "tourn (corr)"]
[EventRounds "6"]
[SourceTitle "Corr 2008"]
[Source "ChessBase"]
[SourceDate "2008.06.24"]
[SourceVersion "1"]
[SourceVersionDate "2008.06.24"]
[SourceQuality "1"]

1. e4 e6 2. d4 d5 3. exd5 exd5 4. Nf3 Bd6 5. Bd3 Nf6 6. 0-0 0-0 7. Re1 Bg4 8. Bg5 Nbd7 9. h3 Bh5 10. Nbd2 c6 11. c4 dxc4 12. Nxc4 Bb4 13. Re3 1-0